00676nam a2200241 a 4500001001300000003000900013005001700022008004100039020001000080082001900090100002200109245001800131260003800149300000800187500003500195505001000230650002300240700002200263902000800285942000700293952011900300999001500419nice12345678IN_TiNIC20260116011452.0050524s1797 dela grp 000 0 urd  ac10000a297.1227bABD1 aAbdul Qader, Shah aMozahul Quran aDelhibKhadimul Islam Pressc1797 a00p aincludes index and biblioraphy2 aIndex aQuran-Hermeneutics1 aAbdul Qader, Shah bRBA cBK 001040708RareBook->aHMIbHMId2007-08-01g100.00l0o297.1227 ABD1p00190r2007-08-01v100.00w2005-05-24yBK c1818d1818